LIBRARY & INFORMATION CENTRE, KCAET, TAVANUR

ONLINE PUBLIC ACCESS CATALOGUE (OPAC)

Modified atmospheric packaging of cured vanilla (Record no. 15048)

MARC details
000 -LEADER
fixed length control field 00630nam a22001817a 4500
003 - CONTROL NUMBER IDENTIFIER
control field OSt
088 ## - REPORT NUMBER
Report number P 167
100 ## - MAIN ENTRY--AUTHOR NAME
Personal name BIJU ABRAHAM
-- CIBIN RAJ
-- TANUJA P
245 ## - TITLE STATEMENT
Title Modified atmospheric packaging of cured vanilla
260 ## - PUBLICATION, DISTRIBUTION, ETC. (IMPRINT)
Place of publication Tavanur 2006
Name of publisher Kelappaji College of Agricultural Engineering and Technology
300 ## - PHYSICAL DESCRIPTION
Number of Pages 60
500 ## - GENERAL NOTE
General note Modified atmospheric packaging of cured vanilla
520 ## - SUMMARY, ETC.
Summary, etc Modified atmospheric packaging of cured vanilla
700 ## - ADDED ENTRY--PERSONAL NAME
Personal name Dr. K. P Sudheer (Guide)
856 ## - ELECTRONIC LOCATION AND ACCESS
Uniform Resource Identifier https://drive.google.com/open?id=111uEogwYGnwMomLXkrBkk8zRWK0J1vYr
942 ## - ADDED ENTRY ELEMENTS (KOHA)
Koha item type Project Report
Holdings
Collection code Home library Current library Shelving location Full call number Accession Number Koha item type
Reference KAUAET KAUAET Reference 631.56 BIJ/MO P 167 Project Report
free website counter